000 00620nam a2200229Ia 4500
003 OSt
005 20230511162458.0
008 210423s2014 xx 000 0 und d
020 _a978-93-5084-609-4
040 _cAL
041 _aeng
082 _a664.02 CHAH
100 _aCHAUHAN (Sunil Kumar)
_9103926
245 _aHandbook of food processing technology
260 _aNew Delhi
_bCentrum Press
_c2014
300 _aviii283
_bHB
365 _b3000
_cINR
650 _aFood Technology
_9103927
650 _aFood Technology
_9103927
906 _afood ; Handbook ; processing ; technology
942 _2ddc
_cBK
999 _c166130
_d166130